Library of the University of Algiers 3
Ibrahim Sultan Cheibout
شعار جامعة الجزائر 3
مكتبة جامعة الجزائر 3
إبراهيم سلطان شيبوط

العمليات المصرفية الخارجية / (رقم التسجيلة. 45667)

تفاصيل مارك
000 -LEADER
fixed length control field 01700nam a2200241Ia 4500
003 - CONTROL NUMBER IDENTIFIER
control field Ost
005 - DATE AND TIME OF LATEST TRANSACTION
control field 20260507075654.0
008 - FIXED-LENGTH DATA ELEMENTS--GENERAL INFORMATION
fixed length control field 260507s9999||||xx |||||||||||||| ||und||
040 ## - CATALOGING SOURCE
Transcribing agency fsecg
041 ## - LANGUAGE CODE
Language code of text/sound track or separate title ara
082 ## - DEWEY DECIMAL CLASSIFICATION NUMBER
Classification number 332.1
100 ## - MAIN ENTRY--PERSONAL NAME
Personal name شكري، ماهر
Relator term مؤلف
245 #0 - TITLE STATEMENT
Title العمليات المصرفية الخارجية /
Statement of responsibility, etc. ماهر شكري
250 ## - EDITION STATEMENT
Edition statement طبعة 2
260 ## - PUBLICATION, DISTRIBUTION, ETC.
Place of publication, distribution, etc. عمان:
Name of publisher, distributor, etc. دار الحامد,
Date of publication, distribution, etc. 2004
300 ## - PHYSICAL DESCRIPTION
Extent 493 صفحة؛
Other physical details إيضاحات ؛
Dimensions 24 سم
504 ## - BIBLIOGRAPHY, ETC. NOTE
Bibliography, etc. note المراجع ص.491
520 ## - SUMMARY, ETC.
Summary, etc. العلاقات المصرفية الخارجية، اتفاقية التعامل مع البنوك المراسلة، ادارة العلاقات مع البنوك، الحوادث الخارجية ، الشيكات بالعملات الأجنبية وأوراق النقد الأجنبي، الصعوبات المستندية، التحصيل المستندي، تمويل التبادل التجاري بواسطة التحصيل المستندي، ادارة عمليات التحصيل المستندي، القواعد الموحدة للتحصيل، الاعتمادات المسحية، تمويل التبادل التجاري الدولي بواسطة الاعتمادات المستندية، الأصول والأعراف الموحدة الاعتمادات المستندية، ادارة عمليات الاعتمادات المستندية، كفالات العقود التجارية، دور الكفالات في التبادل التجاري، ادارة عمليات كفالات العقود الخارجية.
653 ## - INDEX TERM--UNCONTROLLED
Uncontrolled term البنوك
653 ## - INDEX TERM--UNCONTROLLED
Uncontrolled term السندات
653 ## - INDEX TERM--UNCONTROLLED
Uncontrolled term المصاريف
942 ## - ADDED ENTRY ELEMENTS (KOHA)
Koha item type كتب

لا توجد مواد متاحة.

موارد الويب المفتوحة


© University of Algiers 3 All Rights Reserved
|
Implemented by LECHELAH Riad